000 00310nam a22001337a 4500
008 170609b xxu||||| |||| 00| 0 eng d
020 _a9781588265845
041 _aeng
080 _24TH
_a338
100 _a19
101 _aSHP
245 _aDEVELOPMENT AND UNDER-DEVELOPMENT
_cSELIGSON,M.A
942 _2udc
_cBK
999 _c16658
_d16658